Phong cách ứng xử Hồ Chí Minh

Sách giúp bạn đọc nghiên cứu một cách có hệ thống những đặc trưng, giá trị của phong cách ứng xử chính trị Hồ Chí Minh và góp phần làm phong phú nội dung nghiên cứu, học tập về Hồ Chí Minh, từ đó vận dụng giải quyết những vấn đề đặ...

وصف كامل

محفوظ في:
التفاصيل البيبلوغرافية
المؤلف الرئيسي: Đào, Đình Tuấn
التنسيق: كتاب
اللغة:Undetermined
منشور في: Hà Nội Chính trị Quốc gia Sự thật 2018
الموضوعات:
الوسوم: إضافة وسم
لا توجد وسوم, كن أول من يضع وسما على هذه التسجيلة!
Thư viện lưu trữ: Trung tâm Học liệu Trường Đại học Cần Thơ
LEADER 01173nam a2200229Ia 4500
001 CTU_231057
008 210402s9999 xx 000 0 und d
020 |c 55000 
082 |a 324.2075092 
082 |b T502 
100 |a Đào, Đình Tuấn 
245 0 |a Phong cách ứng xử Hồ Chí Minh 
245 0 |c Đào Đình Tuấn 
260 |a Hà Nội 
260 |b Chính trị Quốc gia Sự thật 
260 |c 2018 
520 |a Sách giúp bạn đọc nghiên cứu một cách có hệ thống những đặc trưng, giá trị của phong cách ứng xử chính trị Hồ Chí Minh và góp phần làm phong phú nội dung nghiên cứu, học tập về Hồ Chí Minh, từ đó vận dụng giải quyết những vấn đề đặt ra trong nền chính trị của Việt Nam và thế giới hiện nay. 
650 |a Hồ Chí Minh,Người cộng sản,Ho Chi Minh,Communists 
650 |x Tiểu sử,Biography 
650 |z Việt Nam,Vietnam 
910 |b vtbtruc 
980 |a Trung tâm Học liệu Trường Đại học Cần Thơ